Marketingová aplikácia Grovess-Clark mechanizmu vo financovaní vysokých škôl
Zlepšenie kvality vyučovacieho procesu na vysokých školách s využitím Groves-Clarkovho mechanizmu, spočívajúceho v kombinácií s doposiaľ fungujúcim štátnym financovaním. Možnosti praktického uplatnenia teoretického modelu.
Gespeichert in:
| 1. Verfasser: | |
|---|---|
| Weitere Verfasser: | , |
| Format: | Buchkapitel |
| Sprache: | Slowakisch |
| Schlagworte: | |
| Tags: |
Keine Tags, Fügen Sie das erste Tag hinzu!
|
MARC
| LEADER | 00000nla a2200000 4500 | ||
|---|---|---|---|
| 001 | 0186862 | ||
| 005 | 20240502073206.7 | ||
| 041 | 0 | |a slo | |
| 044 | |a SK | ||
| 245 | 1 | 0 | |a Marketingová aplikácia Grovess-Clark mechanizmu vo financovaní vysokých škôl |c Tomáš Bačo, Silvia Megyesiová, Peter Poništ |
| 520 | |a Zlepšenie kvality vyučovacieho procesu na vysokých školách s využitím Groves-Clarkovho mechanizmu, spočívajúceho v kombinácií s doposiaľ fungujúcim štátnym financovaním. Možnosti praktického uplatnenia teoretického modelu. | ||
| 610 | 2 | 0 | |a marketing manažment |
| 610 | 2 | 0 | |a stratégia marketingová |
| 610 | 2 | 0 | |a komunikácia marketingová |
| 610 | 2 | 0 | |a mix komunikačný |
| 610 | 2 | 0 | |a financovanie školstva |
| 610 | 2 | 0 | |a modely |
| 100 | 1 | |a Bačo, Tomáš, 1981- | |
| 700 | 1 | |a Megyesiová, Silvia, 1969- | |
| 700 | 1 | |a Poništ, Peter | |